Catálogo
 En Linea
Vista normal Vista MARC

Entrada Nombre corporativo

Número de registros utilizados en: 16

001 - NÚMERO DE CONTROL

  • campo de control: 72559

003 - IDENTIFICADOR DEL NÚMERO DE CONTROL

  • campo de control: BNPHU

005 - FECHA Y HORA DE LA ÚLTIMA TRANSACCIÓN

  • campo de control: 20250701130548.0

008 - DATOS DE LONGITUD FIJA

  • campo de control de longitud fija: 200615|||aza||aabn f| a|a d

010 ## - NÚMERO DE CONTROL DE LA BIBLIOTECA DEL CONGRESO

  • Número de control de LC: no2014132273

040 ## - FUENTE DE LA CATALOGACIÓN

  • Centro catalogador/agencia de origen: DO-SdBNP
  • Lengua de catalogación: spa
  • Centro/agencia transcriptor: BNPHU
  • Normas de descripción: rda

110 1# - ENCABEZAMIENTO-NOMBRE DE ENTIDAD CORPORATIVA

  • Nombre de entidad corporativa o nombre de jurisdicción como elemento de entrada: República Dominicana.
  • Unidad subordinada: Ministerio de Educación Superior, Ciencia y Tecnología

368 ## - OTROS ATRIBUTOS DE PERSONA O ENTIDAD CORPORATIVA

  • Tipo de entidad corporativa: Departamentos ejecutivos

370 ## - LUGAR ASOCIADO

  • Lugar de nacimiento: Santo Domingo (República Dominicana)

371 ## - DIRECCIÓN

  • Dirección: Av. Máximo Gómez 31, (809) 731-1100
  • Ciudad: Santo Domingo
  • País: República Dominicana

377 ## - LENGUA/LENGUAJE ASOCIADO

  • Código del idioma: spa

410 2# - TRAZADO DE VÉASE--NOMBRE DE ENTIDAD CORPORATIVA

  • Nombre de entidad corporativa o nombre de jurisdicción como elemento de entrada: MESCyT

410 2# - TRAZADO DE VÉASE--NOMBRE DE ENTIDAD CORPORATIVA

  • Nombre de entidad corporativa o nombre de jurisdicción como elemento de entrada: República Dominicana
  • Unidad subordinada: Educación Superior, Ciencia y Tecnología, Ministerio de

510 ## - TRAZADO DE VÉASE ADEMÁS--NOMBRE DE ENTIDAD CORPORATIVA

  • Nombre de entidad corporativa o nombre de jurisdicción como elemento de entrada: República Dominicana
  • Unidad subordinada: Secretaría de Estado de Educación Superior, Ciencia y Tecnología
  • Información de relación/Frase instructiva de referencia: Predecessor

670 ## - FUENTE DE DATOS ENCONTRADOS

  • Cita de la fuente: Work cat.: (OSt)44038: VIII seminario de investigación científica e innovación tecnológica (8vo : 21-22 de Nov. 2013 Santo Domingo) 72558, VIII seminario de investigación científica e innovación tecnológica /, 2013.

670 ## - FUENTE DE DATOS ENCONTRADOS

  • Identificador Uniforme del Recurso: https://authorities.loc.gov/cgi-bin/Pwebrecon.cgi?AuthRecID=9676981&v1=1&HC=2&SEQ=20241031113924&PID=_2R5RwbShlQgiY3loeispKK2j-Vj Consultado en 31/10/11

Con tecnología Koha